[Event "World Chess Olympiad 2018"]
[Site "Batumi"]
[Date "2018.10.02"]
[Round "8"]
[Board "4"]
[WhiteFideId "9400338"]
[White "Al-Aqrabi Saleh"]
[BlackFideId "7601875"]
[Black "Eiti Bashir"]
[Result "0-1"]
[LiveChessVersion "1.4.8"]
[BlackElo "2259"]
[WhiteElo "2158"]

1. d4 {[%clk 1:30:58]} d5 {[%clk 1:30:30]} 2. c4 {[%clk 1:31:23]} e6
{[%clk 1:29:10]} 3. Nc3 {[%clk 1:31:40]} c6 {[%clk 1:28:34]} 4. e3
{[%clk 1:31:02]} f5 {[%clk 1:28:53]} 5. Nf3 {[%clk 1:31:02]} Nf6 {[%clk 1:28:22]}
6. Be2 {[%clk 1:31:25]} Bd6 {[%clk 1:28:02]} 7. O-O {[%clk 1:31:21]} Nbd7
{[%clk 1:26:01]} 8. b3 {[%clk 1:31:30]} Ne4 {[%clk 1:22:11]} 9. Bb2
{[%clk 1:31:30]} Qf6 {[%clk 1:19:28]} 10. Qc2 {[%clk 1:23:44]} O-O
{[%clk 1:18:31]} 11. Rfd1 {[%clk 1:23:01]} g5 {[%clk 1:14:31]} 12. Nd2
{[%clk 1:17:06]} Qh6 {[%clk 1:09:26]} 13. Nf1 {[%clk 1:13:45]} Qh4
{[%clk 1:07:47]} 14. g3 {[%clk 1:03:03]} Qh3 {[%clk 1:05:53]} 15. f3
{[%clk 1:02:39]} Nxc3 {[%clk 1:02:24]} 16. Bxc3 {[%clk 1:02:55]} f4
{[%clk 0:58:10]} 17. Be1 {[%clk 0:51:29]} Nf6 {[%clk 0:52:06]} 18. Rac1
{[%clk 0:41:28]} Nh5 {[%clk 0:39:41]} 19. Bd3 {[%clk 0:33:31]} fxg3
{[%clk 0:38:01]} 20. hxg3 {[%clk 0:26:41]} Rxf3 {[%clk 0:31:06]} 21. Qg2
{[%clk 0:26:06]} Qxg2+ {[%clk 0:29:59]} 22. Kxg2 {[%clk 0:26:34]} Rf7
{[%clk 0:29:42]} 23. e4 {[%clk 0:26:36]} dxe4 {[%clk 0:27:27]} 24. Bxe4
{[%clk 0:26:33]} e5 {[%clk 0:23:42]} 25. c5 {[%clk 0:24:33]} Bc7 {[%clk 0:22:29]}
26. Ne3 {[%clk 0:17:37]} exd4 {[%clk 0:16:03]} 27. Rxd4 {[%clk 0:17:48]} Be6
{[%clk 0:15:58]} 28. Nc4 {[%clk 0:15:16]} Nf6 {[%clk 0:15:41]} 29. Bd3
{[%clk 0:13:43]} Bd5+ {[%clk 0:15:46]} 30. Kg1 {[%clk 0:14:03]} Nd7
{[%clk 0:13:26]} 31. Ne3 {[%clk 0:13:04]} Ne5 {[%clk 0:11:50]} 32. Nxd5
{[%clk 0:12:06]} Nf3+ {[%clk 0:11:29]} 33. Kg2 {[%clk 0:11:58]} Nxd4
{[%clk 0:09:16]} 34. Nxc7 {[%clk 0:11:59]} Rxc7 {[%clk 0:09:37]} 35. Bc4+
{[%clk 0:12:26]} Rf7 {[%clk 0:05:04]} 36. Bc3 {[%clk 0:11:23]} Nf5
{[%clk 0:04:51]} 37. Re1 {[%clk 0:11:18]} Kf8 {[%clk 0:04:46]} 38. Bxf7
{[%clk 0:06:37]} Kxf7 {[%clk 0:05:06]} 39. Re5 {[%clk 0:06:42]} Kg6
{[%clk 0:04:02]} 40. Re6+ {[%clk 0:36:38]} Kh5 {[%clk 0:34:23]} 41. Kf3
{[%clk 0:33:21]} Nh6 {[%clk 0:32:49]} 42. Bg7 {[%clk 0:32:33]} Ng4
{[%clk 0:32:51]} 43. Re7 {[%clk 0:32:05]} b6 {[%clk 0:30:11]} 44. b4
{[%clk 0:28:38]} bxc5 {[%clk 0:30:24]} 45. bxc5 {[%clk 0:28:02]} a5
{[%clk 0:27:27]} 46. Rc7 {[%clk 0:28:07]} Re8 {[%clk 0:25:06]} 47. Bd4
{[%clk 0:28:09]} Rf8+ {[%clk 0:24:12]} 48. Ke2 {[%clk 0:27:57]} Rd8
{[%clk 0:23:14]} 49. Kd3 {[%clk 0:22:30]} Nf2+ {[%clk 0:20:30]} 50. Ke3
{[%clk 0:21:04]} Kg4 {[%clk 0:14:55]} 51. Bf6 {[%clk 0:17:04]} Rd5
{[%clk 0:13:43]} 52. Rxc6 {[%clk 0:14:44]} Kxg3 {[%clk 0:13:51]} 53. Bd4
{[%clk 0:14:31]} Rd8 {[%clk 0:10:53]} 54. Re6 {[%clk 0:11:07]} h5
{[%clk 0:11:09]} 55. c6 {[%clk 0:11:08]} h4 {[%clk 0:09:35]} 56. Bb6
{[%clk 0:07:29]} Rc8 {[%clk 0:05:43]} 57. Bxa5 {[%clk 0:04:33]} h3
{[%clk 0:02:42]} 58. Bb4 {[%clk 0:01:40]} Kg2 {[%clk 0:02:29]} 59. Kd4
{[%clk 0:00:47]} h2 {[%clk 0:02:45]} 60. Rh6 {[%clk 0:00:51]} Nh3
{[%clk 0:02:47]} 0-1

[Event "World Chess Olympiad 2018"]
[Site "Batumi"]
[Date "2018.10.02"]
[Round "8"]
[Board "1"]
[WhiteFideId "13002783"]
[White "Wynn Zaw Htun"]
[BlackFideId "15700356"]
[Black "Altaye Girum Teklewold"]
[Result "1-0"]
[LiveChessVersion "1.4.8"]
[BlackElo "1986"]
[WhiteElo "2473"]

1. Nf3 {[%clk 1:30:56]} d5 {[%clk 1:30:33]} 2. g3 {[%clk 1:30:48]} c5
{[%clk 1:30:39]} 3. Bg2 {[%clk 1:31:14]} Nf6 {[%clk 1:30:38]} 4. d3
{[%clk 1:31:01]} Nc6 {[%clk 1:30:19]} 5. O-O {[%clk 1:31:22]} e6 {[%clk 1:30:34]}
6. Nbd2 {[%clk 1:31:33]} Be7 {[%clk 1:30:25]} 7. e4 {[%clk 1:31:39]} d4
{[%clk 1:29:55]} 8. a4 {[%clk 1:30:40]} e5 {[%clk 1:29:57]} 9. Nc4
{[%clk 1:29:09]} Bd6 {[%clk 1:30:15]} 10. c3 {[%clk 1:23:25]} Bg4
{[%clk 1:25:56]} 11. h3 {[%clk 1:16:43]} Bxf3 {[%clk 1:25:33]} 12. Qxf3
{[%clk 1:16:18]} O-O {[%clk 1:21:56]} 13. Qe2 {[%clk 1:07:01]} Bc7
{[%clk 1:21:02]} 14. f4 {[%clk 1:03:17]} Nd7 {[%clk 1:21:04]} 15. f5
{[%clk 0:56:30]} f6 {[%clk 1:20:56]} 16. h4 {[%clk 0:56:16]} a6 {[%clk 1:20:49]}
17. g4 {[%clk 0:44:40]} h6 {[%clk 1:18:50]} 18. Nd2 {[%clk 0:40:07]} Qe7
{[%clk 1:18:40]} 19. c4 {[%clk 0:37:43]} Kf7 {[%clk 1:18:30]} 20. g5
{[%clk 0:26:15]} fxg5 21. hxg5 {[%clk 0:20:26]} Qxg5 {[%clk 1:16:04]} 22. Nf3
{[%clk 0:20:45]} Qe7 {[%clk 1:14:27]} 23. f6 {[%clk 0:16:32]} Nxf6
{[%clk 1:06:59]} 24. Nh4 {[%clk 0:16:51]} Qd7 {[%clk 1:05:01]} 25. Kh2
{[%clk 0:14:19]} Ke8 {[%clk 1:02:32]} 26. Ng6 {[%clk 0:09:45]} Qf7
{[%clk 0:51:21]} 27. Nxf8 {[%clk 0:09:44]} Kxf8 {[%clk 0:50:59]} 28. Bh3
{[%clk 0:08:03]} Ke7 {[%clk 0:50:45]} 29. Bd2 {[%clk 0:07:48]} Rf8
{[%clk 0:49:56]} 30. Qg2 {[%clk 0:05:46]} Ba5 {[%clk 0:49:09]} 31. Bxa5
{[%clk 0:04:27]} Nxa5 {[%clk 0:49:17]} 32. Rf5 {[%clk 0:03:30]} Nc6
{[%clk 0:47:21]} 33. Raf1 {[%clk 0:03:53]} Kd6 {[%clk 0:47:12]} 34. Qg3
{[%clk 0:03:07]} Kc7 {[%clk 0:45:40]} 35. Rxe5 {[%clk 0:01:40]} Nxe5
{[%clk 0:45:14]} 36. Qxe5+ {[%clk 0:02:07]} Kb6 {[%clk 0:45:27]} 37. Qd6+
{[%clk 0:02:12]} Ka7 {[%clk 0:43:43]} 38. e5 {[%clk 0:01:04]} Ng4+
{[%clk 0:43:44]} 39. Kg1 {[%clk 0:01:23]} Nf2 {[%clk 0:43:57]} 40. Bg2
{[%clk 0:31:36]} Qf4 {[%clk 1:09:30]} 41. Qxc5+ {[%clk 0:27:26]} Kb8
{[%clk 1:09:31]} 42. Qd5 {[%clk 0:21:51]} Rf7 {[%clk 1:09:03]} 43. e6
{[%clk 0:21:39]} Nh3+ {[%clk 1:06:19]} 44. Bxh3 {[%clk 0:19:17]} Qe3+
{[%clk 1:04:57]} 45. Kh2 {[%clk 0:19:32]} Rxf1 {[%clk 1:02:57]} 46. Bxf1
{[%clk 0:19:52]} Qf4+ {[%clk 1:02:37]} 47. Kg1 {[%clk 0:20:01]} Qg3+
{[%clk 1:00:11]} 48. Qg2 {[%clk 0:20:22]} Qe3+ {[%clk 1:00:25]} 49. Qf2
{[%clk 0:20:45]} Qxe6 {[%clk 1:00:27]} 50. Qxd4 {[%clk 0:21:06]} g5
{[%clk 1:00:41]} 51. c5 {[%clk 0:20:54]} Qe1 {[%clk 1:00:30]} 52. Qe4
{[%clk 0:19:44]} Qc1 {[%clk 1:00:29]} 53. b4 {[%clk 0:19:54]} a5 {[%clk 1:00:33]}
54. Qe5+ {[%clk 0:20:07]} Ka7 {[%clk 1:00:55]} 55. b5 {[%clk 0:20:28]} Qf4
{[%clk 0:59:39]} 56. b6+ {[%clk 0:20:47]} Ka8 {[%clk 1:00:00]} 57. Qxf4
{[%clk 0:21:08]} gxf4 {[%clk 1:00:25]} 58. Kf2 {[%clk 0:21:34]} h5
{[%clk 1:00:43]} 59. Kf3 {[%clk 0:21:55]} 1-0

[Event "World Chess Olympiad 2018"]
[Site "Batumi"]
[Date "2018.10.02"]
[Round "8"]
[Board "2"]
[WhiteFideId "15700739"]
[White "Ghebrehiwet Haftom Ghebremedhn"]
[BlackFideId "13000110"]
[Black "Nay Oo Kyaw Tun"]
[Result "0-1"]
[LiveChessVersion "1.4.8"]
[BlackElo "2389"]
[WhiteElo "1979"]

1. e4 {[%clk 1:30:53]} e6 {[%clk 1:30:43]} 2. d3 {[%clk 1:31:02]} d5
{[%clk 1:31:04]} 3. Nd2 {[%clk 1:31:26]} c5 {[%clk 1:31:11]} 4. Ngf3
{[%clk 1:31:48]} Nc6 {[%clk 1:31:04]} 5. g3 {[%clk 1:31:45]} Nf6 {[%clk 1:31:05]}
6. Bg2 {[%clk 1:32:07]} g6 {[%clk 1:29:36]} 7. O-O {[%clk 1:32:15]} Bg7
{[%clk 1:29:59]} 8. Re1 {[%clk 1:31:31]} O-O {[%clk 1:30:17]} 9. c3
{[%clk 1:29:21]} b6 {[%clk 1:27:27]} 10. a3 {[%clk 1:22:20]} Bb7 {[%clk 1:21:53]}
11. h4 {[%clk 1:20:40]} Qc7 {[%clk 1:19:21]} 12. Nf1 {[%clk 1:16:46]} b5
{[%clk 1:07:26]} 13. e5 {[%clk 1:08:50]} Nd7 {[%clk 1:07:24]} 14. d4
{[%clk 1:09:07]} Rfc8 {[%clk 1:02:52]} 15. Bf4 {[%clk 1:08:52]} cxd4
{[%clk 0:56:42]} 16. cxd4 {[%clk 1:09:12]} Na5 {[%clk 0:56:41]} 17. Ne3
{[%clk 1:08:51]} Nc4 {[%clk 0:56:10]} 18. Rc1 {[%clk 1:07:58]} Qb6
{[%clk 0:54:20]} 19. Qb3 {[%clk 1:05:52]} h5 {[%clk 0:48:33]} 20. Bh3
{[%clk 1:01:03]} a5 {[%clk 0:43:58]} 21. Nc2 {[%clk 0:54:40]} a4 {[%clk 0:34:37]}
22. Qa2 {[%clk 0:54:58]} Na5 {[%clk 0:31:27]} 23. Nb4 {[%clk 0:52:32]} Rxc1
{[%clk 0:28:17]} 24. Rxc1 {[%clk 0:52:38]} Nb3 {[%clk 0:28:36]} 25. Rd1
{[%clk 0:52:50]} Nb8 {[%clk 0:28:36]} 26. Qb1 {[%clk 0:52:46]} Nc6
{[%clk 0:28:03]} 27. Nxc6 {[%clk 0:52:50]} Bxc6 {[%clk 0:18:04]} 28. g4
{[%clk 0:40:45]} hxg4 {[%clk 0:18:26]} 29. Bxg4 {[%clk 0:41:08]} Be8
{[%clk 0:18:04]} 30. h5 {[%clk 0:39:23]} gxh5 {[%clk 0:13:24]} 31. Bh3
{[%clk 0:38:25]} Rc8 {[%clk 0:08:27]} 32. Ng5 {[%clk 0:31:22]} Nxd4
{[%clk 0:03:51]} 33. Qh7+ {[%clk 0:29:50]} Kf8 {[%clk 0:04:19]} 34. Qxh5
{[%clk 0:29:39]} f5 {[%clk 0:02:46]} 35. Nh7+ {[%clk 0:29:40]} Kg8
{[%clk 0:02:49]} 36. Qg5 {[%clk 0:04:48]} Nf3+ {[%clk 0:02:48]} 37. Kg2
{[%clk 0:01:19]} Nxg5 {[%clk 0:03:08]} 38. Nxg5 {[%clk 0:01:33]} Rc2
{[%clk 0:03:02]} 39. Bg3 {[%clk 0:01:09]} Bh6 {[%clk 0:02:15]} 40. Nf3
{[%clk 0:31:05]} Bh5 {[%clk 0:32:28]} 41. Rd3 {[%clk 0:30:54]} Be3
{[%clk 0:30:16]} 42. Rc3 {[%clk 0:25:06]} Rxc3 {[%clk 0:29:21]} 43. bxc3
{[%clk 0:25:31]} Bxf3+ {[%clk 0:29:45]} 44. Kxf3 {[%clk 0:25:52]} Bc5
{[%clk 0:30:08]} 45. Bh4 {[%clk 0:25:59]} Bxa3 {[%clk 0:30:26]} 46. Kf4
{[%clk 0:26:17]} Bc1+ {[%clk 0:30:41]} 47. Kf3 {[%clk 0:26:38]} a3
{[%clk 0:30:59]} 0-1

[Event "World Chess Olympiad 2018"]
[Site "Batumi"]
[Date "2018.10.02"]
[Round "8"]
[Board "3"]
[WhiteFideId "13001248"]
[White "Khin Than"]
[BlackFideId "15702391"]
[Black "Tilahun Abel Mathewos"]
[Result "1/2-1/2"]
[LiveChessVersion "1.4.8"]
[BlackElo "2015"]
[WhiteElo "2200"]

1. d4 {[%clk 1:30:56]} Nf6 {[%clk 1:30:54]} 2. Nf3 {[%clk 1:31:22]} e6
{[%clk 1:31:14]} 3. e3 {[%clk 1:31:40]} d5 {[%clk 1:31:33]} 4. Bd3
{[%clk 1:32:07]} Be7 {[%clk 1:31:39]} 5. O-O {[%clk 1:32:09]} O-O
{[%clk 1:32:03]} 6. Nbd2 {[%clk 1:32:34]} b6 {[%clk 1:32:21]} 7. c4
{[%clk 1:31:19]} Bb7 {[%clk 1:32:32]} 8. b3 {[%clk 1:31:00]} Nbd7
{[%clk 1:32:41]} 9. Bb2 {[%clk 1:31:24]} c5 {[%clk 1:32:42]} 10. Qe2
{[%clk 1:31:35]} Ne4 {[%clk 1:31:28]} 11. cxd5 {[%clk 1:31:26]} exd5
{[%clk 1:31:36]} 12. Rfd1 {[%clk 1:31:09]} Rc8 {[%clk 1:28:37]} 13. Rac1
{[%clk 1:30:35]} h6 {[%clk 1:25:58]} 14. Ne5 {[%clk 1:29:21]} cxd4
{[%clk 1:19:26]} 15. Rxc8 {[%clk 1:23:48]} Qxc8 {[%clk 1:19:30]} 16. Nxd7
{[%clk 1:23:31]} Qxd7 {[%clk 1:19:13]} 17. Bxd4 {[%clk 1:20:45]} Rc8
{[%clk 1:17:05]} 18. Nxe4 {[%clk 1:18:08]} dxe4 {[%clk 1:16:49]} 19. Bc4
{[%clk 1:16:54]} Qf5 {[%clk 1:14:00]} 20. Qb2 {[%clk 1:14:50]} Rc6
{[%clk 1:04:55]} 21. Be5 {[%clk 1:05:08]} Rg6 {[%clk 0:59:33]} 22. Bg3
{[%clk 1:04:21]} h5 {[%clk 0:54:46]} 23. Qe5 {[%clk 1:02:18]} Qxe5
{[%clk 0:45:48]} 24. Bxe5 {[%clk 1:02:45]} Bc6 {[%clk 0:43:25]} 25. Bb8
{[%clk 1:02:30]} a5 {[%clk 0:38:34]} 26. a4 {[%clk 0:59:15]} Kf8 {[%clk 0:34:49]}
27. h3 {[%clk 0:57:17]} Rf6 {[%clk 0:26:28]} 28. Bc7 {[%clk 0:55:44]} Be8
{[%clk 0:22:48]} 29. Bd5 {[%clk 0:45:49]} Bc6 {[%clk 0:20:19]} 30. Be5
{[%clk 0:42:28]} Rg6 {[%clk 0:17:31]} 31. Bc4 {[%clk 0:33:29]} Be8
{[%clk 0:15:31]} 32. Bf4 {[%clk 0:28:17]} Bc6 {[%clk 0:12:55]} 33. Kh2
{[%clk 0:24:27]} Rf6 {[%clk 0:11:48]} 34. Kg1 {[%clk 0:22:51]} Rf5
{[%clk 0:09:22]} 35. Bc7 {[%clk 0:22:03]} b5 {[%clk 0:06:42]} 36. axb5
{[%clk 0:21:59]} Bxb5 {[%clk 0:06:58]} 37. Rd5 {[%clk 0:22:15]} Rxd5
{[%clk 0:05:51]} 38. Bxd5 {[%clk 0:22:41]} a4 {[%clk 0:03:33]} 39. bxa4
{[%clk 0:23:01]} Bxa4 {[%clk 0:03:53]} 40. Bxe4 {[%clk 0:53:26]} Bb3
{[%clk 0:33:48]} 41. Bd3 {[%clk 0:53:04]} g6 {[%clk 0:32:55]} 42. Be5
{[%clk 0:53:06]} Be6 {[%clk 0:30:21]} 43. Kh2 {[%clk 0:51:51]} h4
{[%clk 0:29:13]} 44. Kg1 {[%clk 0:52:11]} f6 {[%clk 0:28:52]} 45. Bb8
{[%clk 0:52:05]} Kf7 {[%clk 0:28:12]} 46. Kf1 {[%clk 0:51:55]} g5
{[%clk 0:27:33]} 47. e4 {[%clk 0:51:12]} Bb3 {[%clk 0:25:48]} 48. Ke2
{[%clk 0:50:51]} Be6 {[%clk 0:25:47]} 49. f4 {[%clk 0:48:45]} Bd7
{[%clk 0:23:29]} 50. Kf3 {[%clk 0:48:33]} Kg7 {[%clk 0:22:38]} 51. f5
{[%clk 0:46:03]} Bc6 {[%clk 0:19:56]} 52. Bc4 {[%clk 0:46:03]} Bc5
{[%clk 0:19:12]} 53. Bd3 {[%clk 0:42:06]} 1/2-1/2

[Event "World Chess Olympiad 2018"]
[Site "Batumi"]
[Date "2018.10.02"]
[Round "8"]
[Board "4"]
[WhiteFideId "10801839"]
[White "Abera Aydagnuhem Gezachew"]
[BlackFideId "13003100"]
[Black "Win Tun"]
[Result "1-0"]
[LiveChessVersion "1.4.8"]
[BlackElo "2235"]
[WhiteElo "2116"]

1. e4 {[%clk 1:30:47]} e5 {[%clk 1:30:56]} 2. Nf3 {[%clk 1:30:48]} Nf6
{[%clk 1:31:19]} 3. Nc3 {[%clk 1:30:38]} Nc6 {[%clk 1:31:45]} 4. Bc4
{[%clk 1:30:41]} Nxe4 {[%clk 1:31:57]} 5. Nxe4 {[%clk 1:23:39]} d5
{[%clk 1:32:22]} 6. Bb5 {[%clk 1:19:26]} dxe4 {[%clk 1:32:14]} 7. Nxe5
{[%clk 1:17:20]} Qd5 {[%clk 1:28:43]} 8. Nxc6 {[%clk 1:11:48]} Qxb5
{[%clk 1:28:28]} 9. Nd4 {[%clk 1:11:53]} Qc4 {[%clk 1:27:29]} 10. Ne2
{[%clk 1:06:21]} Bg4 {[%clk 1:20:22]} 11. b3 {[%clk 1:05:56]} Qb5
{[%clk 1:17:16]} 12. Bb2 {[%clk 0:59:15]} O-O-O {[%clk 1:16:23]} 13. h3
{[%clk 0:59:01]} Bh5 {[%clk 1:06:13]} 14. g4 {[%clk 0:57:19]} Bg6
{[%clk 1:05:35]} 15. Nf4 {[%clk 0:56:31]} Bb4 {[%clk 1:04:42]} 16. c3
{[%clk 0:55:08]} Bc5 {[%clk 1:00:00]} 17. Qe2 {[%clk 0:53:27]} Qb6
{[%clk 0:55:59]} 18. O-O-O {[%clk 0:50:40]} Rhe8 {[%clk 0:53:48]} 19. Nxg6
{[%clk 0:46:35]} hxg6 {[%clk 0:43:39]} 20. f3 {[%clk 0:45:38]} f5
{[%clk 0:36:18]} 21. fxe4 {[%clk 0:43:51]} fxe4 {[%clk 0:33:01]} 22. Rhf1
{[%clk 0:41:56]} g5 23. Rf5 {[%clk 0:36:25]} Bd6 {[%clk 0:17:29]} 24. Rxg5
{[%clk 0:24:40]} Bf4 {[%clk 0:17:43]} 25. Rxg7 {[%clk 0:23:16]} Rxd2
{[%clk 0:13:55]} 26. Rxd2 {[%clk 0:18:02]} Rd8 {[%clk 0:13:17]} 27. Qf1
{[%clk 0:11:23]} Qe3 {[%clk 0:10:05]} 28. Kb1 {[%clk 0:11:02]} Rxd2
{[%clk 0:06:30]} 29. Bc1 {[%clk 0:06:46]} Qf3 {[%clk 0:02:17]} 30. Qxf3
{[%clk 0:03:59]} exf3 {[%clk 0:02:45]} 31. Rf7 {[%clk 0:04:02]} Rg2
{[%clk 0:00:55]} 32. Rxf4 {[%clk 0:03:41]} f2 {[%clk 0:01:21]} 33. g5
{[%clk 0:03:03]} Kd7 {[%clk 0:01:45]} 34. g6 {[%clk 0:02:48]} 1-0

[Event "World Chess Olympiad 2018"]
[Site "Batumi"]
[Date "2018.10.02"]
[Round "8"]
[Board "1"]
[WhiteFideId "14700077"]
[White "Amonatov Farrukh"]
[BlackFideId "22000046"]
[Black "Al Mashikhi Salim Aliyan"]
[Result "1-0"]
[LiveChessVersion "1.4.8"]
[BlackElo "2095"]
[WhiteElo "2615"]

1. e4 {[%clk 1:30:56]} c5 {[%clk 1:30:52]} 2. Nf3 {[%clk 1:31:20]} Nc6
{[%clk 1:31:10]} 3. Bb5 {[%clk 1:31:43]} g6 {[%clk 1:31:19]} 4. Bxc6
{[%clk 1:32:08]} dxc6 {[%clk 1:31:32]} 5. d3 {[%clk 1:32:34]} Bg7
{[%clk 1:31:49]} 6. h3 {[%clk 1:32:57]} Nf6 {[%clk 1:31:57]} 7. Nc3
{[%clk 1:33:21]} O-O {[%clk 1:31:47]} 8. Bf4 {[%clk 1:33:45]} Nh5
{[%clk 1:31:45]} 9. Be3 {[%clk 1:31:33]} Qd6 {[%clk 1:30:21]} 10. Qd2
{[%clk 1:31:42]} e5 {[%clk 1:30:35]} 11. g3 {[%clk 1:19:57]} b6 {[%clk 1:28:48]}
12. Bh6 {[%clk 1:17:49]} a5 {[%clk 1:24:50]} 13. O-O-O {[%clk 1:11:26]} a4
{[%clk 1:24:26]} 14. Kb1 {[%clk 1:07:36]} Qf6 {[%clk 1:10:30]} 15. Bxg7
{[%clk 1:04:29]} Nxg7 {[%clk 1:06:54]} 16. Nh2 {[%clk 1:03:53]} Ra7
{[%clk 0:49:27]} 17. Ng4 {[%clk 1:03:09]} Bxg4 {[%clk 0:49:02]} 18. hxg4
{[%clk 1:03:30]} Ne6 {[%clk 0:49:19]} 19. Qh6 {[%clk 0:56:53]} Qg7
{[%clk 0:48:31]} 20. Qe3 {[%clk 0:57:17]} Nd4 {[%clk 0:47:43]} 21. Rh3
{[%clk 0:47:51]} f6 {[%clk 0:43:23]} 22. f3 {[%clk 0:39:21]} Rff7
{[%clk 0:40:39]} 23. Rdh1 {[%clk 0:34:47]} Qf8 {[%clk 0:38:46]} 24. Rh6
{[%clk 0:35:06]} a3 {[%clk 0:38:00]} 25. b3 {[%clk 0:35:31]} b5 {[%clk 0:37:49]}
26. Ne2 {[%clk 0:34:58]} Qd6 {[%clk 0:36:48]} 27. Nxd4 {[%clk 0:32:29]} cxd4
{[%clk 0:36:13]} 28. Qd2 {[%clk 0:32:51]} c5 {[%clk 0:36:18]} 29. f4
{[%clk 0:31:28]} c4 {[%clk 0:33:36]} 30. f5 {[%clk 0:31:14]} Rg7 {[%clk 0:30:36]}
31. fxg6 {[%clk 0:29:49]} Rxg6 {[%clk 0:28:13]} 32. Rxg6+ {[%clk 0:26:58]} hxg6
{[%clk 0:28:34]} 33. Qh6 {[%clk 0:27:22]} Rg7 {[%clk 0:28:11]} 34. Qh8+
{[%clk 0:26:39]} Kf7 {[%clk 0:28:37]} 35. Qc8 {[%clk 0:24:07]} cxd3
{[%clk 0:23:13]} 36. cxd3 {[%clk 0:23:44]} Qe6 {[%clk 0:20:54]} 37. Qb7+
{[%clk 0:23:49]} Kg8 {[%clk 0:20:49]} 38. Qb8+ {[%clk 0:20:57]} Kf7
{[%clk 0:20:55]} 39. g5 {[%clk 0:18:54]} Qe8 {[%clk 0:17:54]} 40. Qb7+
{[%clk 0:46:52]} Kg8 {[%clk 0:44:59]} 41. Qd5+ {[%clk 0:46:55]} Rf7
{[%clk 0:41:12]} 42. gxf6 {[%clk 0:46:47]} b4 {[%clk 0:30:56]} 43. g4
{[%clk 0:45:29]} g5 {[%clk 0:24:12]} 44. Rh5 {[%clk 0:43:30]} Qc8
{[%clk 0:14:19]} 45. Rxg5+ {[%clk 0:43:46]} Kh8 {[%clk 0:14:15]} 46. Rh5+
{[%clk 0:44:06]} Kg8 {[%clk 0:13:37]} 47. Qxe5 {[%clk 0:43:55]} Rxf6
{[%clk 0:09:48]} 48. Qg5+ {[%clk 0:43:28]} Kf7 {[%clk 0:09:22]} 49. Rh7+
{[%clk 0:43:51]} 1-0

[Event "World Chess Olympiad 2018"]
[Site "Batumi"]
[Date "2018.10.02"]
[Round "8"]
[Board "2"]
[WhiteFideId "22000100"]
[White "Salim Al Maashani Amer Said"]
[BlackFideId "14700247"]
[Black "Khusenkhojaev Muhammad"]
[Result "0-1"]
[LiveChessVersion "1.4.8"]
[BlackElo "2430"]
[WhiteElo "2038"]

1. e4 {[%clk 1:30:58]} c5 {[%clk 1:30:06]} 2. Nf3 {[%clk 1:31:12]} d6
{[%clk 1:30:29]} 3. d4 {[%clk 1:31:38]} cxd4 {[%clk 1:30:54]} 4. Nxd4
{[%clk 1:31:07]} Nf6 {[%clk 1:31:18]} 5. Nc3 {[%clk 1:31:33]} a6 {[%clk 1:31:42]}
6. g3 {[%clk 1:29:31]} e5 {[%clk 1:31:38]} 7. Nde2 {[%clk 1:29:56]} Be7
{[%clk 1:29:38]} 8. Bg2 {[%clk 1:30:19]} O-O {[%clk 1:27:44]} 9. a4
{[%clk 1:28:03]} Be6 {[%clk 1:25:22]} 10. O-O {[%clk 1:28:00]} Nbd7
{[%clk 1:25:36]} 11. h3 {[%clk 1:26:16]} Rc8 {[%clk 1:24:34]} 12. g4
{[%clk 1:21:01]} Nb6 {[%clk 1:09:57]} 13. Ng3 {[%clk 1:05:59]} d5
{[%clk 1:07:07]} 14. a5 {[%clk 0:51:51]} d4 {[%clk 1:07:27]} 15. Nce2
{[%clk 0:52:14]} Nc4 {[%clk 1:06:46]} 16. b3 {[%clk 0:52:29]} Nxa5
{[%clk 1:06:40]} 17. f4 {[%clk 0:51:07]} d3 {[%clk 1:02:45]} 18. cxd3
{[%clk 0:47:38]} Nxb3 {[%clk 1:02:53]} 19. Rb1 {[%clk 0:45:28]} Nxc1
{[%clk 1:02:51]} 20. Nxc1 {[%clk 0:45:24]} exf4 {[%clk 1:02:30]} 21. Rxf4
{[%clk 0:42:09]} Bd6 {[%clk 0:52:41]} 22. Rf3 {[%clk 0:42:30]} Nd7
{[%clk 0:46:08]} 23. Nce2 {[%clk 0:33:18]} Ne5 {[%clk 0:46:17]} 24. Rf2
{[%clk 0:26:50]} b5 {[%clk 0:44:34]} 25. d4 {[%clk 0:23:31]} Nc4 {[%clk 0:44:46]}
26. Rf3 {[%clk 0:18:25]} Qg5 {[%clk 0:39:18]} 27. Rd3 {[%clk 0:15:02]} h6
{[%clk 0:37:07]} 28. e5 {[%clk 0:13:47]} Bb8 {[%clk 0:33:33]} 29. Ne4
{[%clk 0:13:18]} Qh4 {[%clk 0:32:42]} 30. Nf4 {[%clk 0:12:23]} Ba7
{[%clk 0:31:26]} 31. Kh2 {[%clk 0:11:32]} Rcd8 {[%clk 0:30:52]} 32. Bf3
{[%clk 0:08:12]} Bc8 {[%clk 0:29:56]} 33. Ng2 {[%clk 0:07:48]} Qe7
{[%clk 0:30:00]} 34. Ng3 {[%clk 0:07:08]} Qg5 {[%clk 0:22:51]} 35. h4
{[%clk 0:06:57]} Qe7 {[%clk 0:22:53]} 36. Nf5 {[%clk 0:05:25]} Bxf5
{[%clk 0:23:12]} 37. gxf5 {[%clk 0:05:37]} Bxd4 {[%clk 0:23:20]} 0-1